Cat Breeds #2 - Statistics

General Stats
  • This quiz has been taken 32 times
  • The average score is 5 of 16
Answer Stats
Picture Answer % Correct
Siamese
83%
Russian Blue
67%
Bengal
63%
Ragdoll
63%
Sphynx
63%
Scottish Fold
58%
Oriental
33%
American Shorthair
29%
Munchkin
17%
Savannah
17%
Balinese
8%
Dragon Li
8%
Donskoy
4%
LaPerm
4%
Singapura
0%
Somali
0%
No matching quizzes found
Score Distribution
Percent of People with Each Score
Percentile by Number Answered
Your Score History
You have not taken this quiz